[Event "Suwalki Warakomska Memorial-B 1st"]
[Site "Suwalki"]
[Date "2017.08.13"]
[Round "3"]
[White "Milewski, Karol"]
[Black "Semczuk, Jerzy"]
[Result "1-0"]
[WhiteElo "1747"]
[BlackElo "1989"]
[PlyCount "77"]
[EventDate "2017.08.11"]
[EventType "swiss"]
[EventRounds "9"]
[EventCountry "POL"]
[SourceTitle "CBM 180 Extra"]
[Source "ChessBase"]
[SourceDate "2017.10.06"]
[SourceVersion "1"]
[SourceVersionDate "2017.10.06"]
[SourceQuality "1"]

1. e4 c5 2. Nf3 d6 3. d4 cxd4 4. Nxd4 Nf6 5. Nc3 a6 6. Bc4 e6 7. a4 Be7 8. Be3 0-0 9. 0-0 Bd7 10. f4 Nc6 11. Nxc6 Bxc6 12. Bd3 e5 13. Nd5 Bxd5 14. exd5 e4 15. Be2 Qa5 16. c4 Nd7 17. b4 Qc7 18. a5 f5 19. Rc1 Bf6 20. Qa4 b6 21. Qc6 Qd8 22. axb6 Be7 23. b7 Rb8 24. Ra1 g5 25. g3 gxf4 26. gxf4 Bf6 27. Rxa6 Kh8 28. Qxd6 Rxb7 29. Ra7 Rxa7 30. Bxa7 Rf7 31. Kh1 Qa8 32. Be3 Qa2 33. Bh5 Qxc4 34. Rg1 Re7 35. Qc6 Qxc6 36. dxc6 Nb8 37. b5 h6 38. Rg6 Bg7 39. Rd6 1-0

[Event "Suwalki Warakomska Memorial-B 1st"]
[Site "Suwalki"]
[Date "2017.08.12"]
[Round "2"]
[White "Semczuk, Jerzy"]
[Black "Kukorowski, Jan"]
[Result "1-0"]
[WhiteElo "1989"]
[BlackElo "1670"]
[PlyCount "69"]
[EventDate "2017.08.11"]
[EventType "swiss"]
[EventRounds "9"]
[EventCountry "POL"]
[SourceTitle "CBM 180 Extra"]
[Source "ChessBase"]
[SourceDate "2017.10.06"]
[SourceVersion "1"]
[SourceVersionDate "2017.10.06"]
[SourceQuality "1"]

1. e4 e6 2. d4 d5 3. Nc3 Nf6 4. Bg5 Bb4 5. e5 h6 6. Bd2 Bxc3 7. bxc3 Ne4 8. Bd3 Nxd2 9. Qxd2 c5 10. Nf3 Nc6 11. 0-0 0-0 12. Qe3 Bd7 13. Nd2 f6 14. exf6 Qxf6 15. Nf3 Rae8 16. Bb5 Nb8 17. Bxd7 Nxd7 18. Rae1 Re7 19. Re2 Rc8 20. Rfe1 b6 21. Qd3 Nf8 22. c4 dxc4 23. Qxc4 Rcc7 24. d5 exd5 25. Qxd5+ Kh8 26. Ne5 Rcd7 27. Qe4 Rd4 28. Qe3 Rd5 29. f4 Rd4 30. g3 Kh7 31. Ng4 Rxe3 32. Nxf6+ gxf6 33. Rxe3 Nd7 34. Rd3 Rxd3 35. cxd3 1-0

[Event "Krakow op-A 27th"]
[Site "Krakow"]
[Date "2017.01.02"]
[Round "7"]
[White "Milikow, Yoav"]
[Black "Semczuk, Jerzy"]
[Result "1/2-1/2"]
[WhiteElo "1972"]
[BlackElo "2182"]
[PlyCount "66"]
[EventDate "2016.12.27"]
[EventType "swiss"]
[EventRounds "9"]
[EventCountry "POL"]
[SourceTitle "CBM 176 Extra"]
[Source "ChessBase"]
[SourceDate "2017.03.02"]
[SourceVersion "1"]
[SourceVersionDate "2017.03.02"]
[SourceQuality "1"]

1. e4 e5 2. Nf3 Nc6 3. Bb5 a6 4. Ba4 Nf6 5. d3 b5 6. Bb3 Be7 7. 0-0 d6 8. c3 0-0 9. Re1 Na5 10. Bc2 c5 11. Nbd2 Nc6 12. Nf1 Re8 13. Ng3 Bf8 14. d4 cxd4 15. cxd4 Bg4 16. Be3 exd4 17. Bxd4 Rc8 18. Rc1 Nxd4 19. Qxd4 Rc4 20. Qd2 Bxf3 21. gxf3 Nd7 22. Bb3 Ne5 23. Kg2 Rxc1 24. Rxc1 Qf6 25. f4 Ng6 26. f5 Nh4+ 27. Kh1 Nf3 28. Qc3 Ne5 29. Bd5 Qh4 30. Kg2 Be7 31. Rf1 Qf4 32. Ne2 Qg4+ 33. Ng3 Qf4 1/2-1/2

[Event "Krakow op-A 27th"]
[Site "Krakow"]
[Date "2016.12.29"]
[Round "3"]
[White "Semczuk, Jerzy"]
[Black "Kislinsky, Alexey"]
[Result "0-1"]
[WhiteElo "2182"]
[BlackElo "2456"]
[PlyCount "66"]
[EventDate "2016.12.27"]
[EventType "swiss"]
[EventRounds "9"]
[EventCountry "POL"]
[SourceTitle "CBM 176 Extra"]
[Source "ChessBase"]
[SourceDate "2017.03.02"]
[SourceVersion "1"]
[SourceVersionDate "2017.03.02"]
[SourceQuality "1"]

1. e4 c5 2. Nf3 Nc6 3. d4 cxd4 4. Nxd4 g6 5. Nxc6 bxc6 6. Nc3 Bg7 7. Be3 Qa5 8. Bd4 e5 9. Be3 Rb8 10. Qd2 Nf6 11. Be2 d5 12. exd5 cxd5 13. Nd1 Qxd2+ 14. Bxd2 Ne4 15. Ba5 0-0 16. f3 Ng5 17. Bd2 Ne6 18. c3 f5 19. 0-0 f4 20. c4 Ba6 21. Rc1 Nd4 22. Bd3 e4 23. fxe4 dxe4 24. Bxe4 Ne2+ 25. Kf2 Rbe8 26. Kxe2 Rxe4+ 27. Kd3 Rd4+ 28. Kc2 Bxc4 29. Rf3 Bd5 30. Rf2 Be4+ 31. Kb3 Rb8+ 32. Ka3 Bf8+ 33. b4 Rxd2 0-1

[Event "Poznan op"]
[Site "Poznan"]
[Date "1988.??.??"]
[Round "4"]
[White "Semczuk, Jerzy"]
[Black "Ulak, Slawomir"]
[Result "1/2-1/2"]
[WhiteElo "2230"]
[BlackElo "2280"]
[PlyCount "83"]
[EventDate "1988.??.??"]
[EventType "swiss"]
[EventRounds "7"]
[EventCountry "POL"]
[SourceTitle "EXT 1998"]
[Source "ChessBase"]
[SourceDate "1997.11.17"]
[SourceVersion "1"]
[SourceVersionDate "1997.11.17"]
[SourceQuality "1"]

1. e4 e6 2. d4 d5 3. Nc3 Nf6 4. Bg5 dxe4 5. Nxe4 Be7 6. Bxf6 gxf6 7. g3 f5 8. Nc3 Bf6 9. Nge2 Nc6 10. d5 exd5 11. Nxd5 Bxb2 12. Rb1 Be5 13. Bg2 0-0 14. 0-0 Nb8 15. Qc1 c6 16. Ndf4 Qg5 17. h4 Qh6 18. Rd1 Nd7 19. Qa3 Nf6 20. Rd3 Re8 21. Qb4 Bc7 22. a4 Ne4 23. a5 Qf8 24. Qd4 Qc5 25. Nh5 Qxd4 26. Rxd4 Be5 27. Rdb4 Nf6 28. Nhf4 Nh5 29. Nxh5 a6 30. Re1 Kf8 31. Rb6 Re7 32. Rb3 Bd4 33. Rd1 c5 34. c3 Be5 35. Rd8+ Re8 36. Rxe8+ Kxe8 37. c4 Bc7 38. Bxb7 Bxb7 39. Rxb7 Bxa5 40. Nf6+ Kf8 41. Nd7+ Kg7 42. Nxc5 1/2-1/2